banner koha

Vida de vaqueiro (Registro n. 331300)

MARC details
000 -LÍDER
fixed length control field 00889nab a2200289 4500
003 - CÓDIGO MARC DA AGÊNCIA CATALOGADORA
Campo de controle BR-BrBNA
005 - DATA E HORA DA ÚLTIMA ATUALIZAÇÃO
Campo de controle 20250430225538.0
008 - CAMPO DE TAMANHO FIXO
fixed length control field 250430b bl.||||| |||| 00| 0 por d
040 ## - FONTE DA CATALOGAÇÃO
Agência catalogadora BR-BrBNA
Idioma da catalogação por
072 ## - CATEGORIA AGRIS
Código AGRIS E50 ; Q60 ; E80
100 ## - ENTRADA PRINCIPAL - NOME PESSOAL
Nome pessoal Andrade, Lívia
245 ## - TÍTULO PRINCIPAL
Título principal Vida de vaqueiro
Subtítulo Estilo no Campo
500 ## - NOTA GERAL
Nota geral 5 illus.
942 ## - ADDED ENTRY ELEMENTS (KOHA)
Koha item type Analítica
650 ## - ASSUNTO - THESAGRO
Cabeçalho tópico ou nome geográfico SOCIOLOGIA RURAL
650 ## - ASSUNTO - THESAGRO
Cabeçalho tópico ou nome geográfico TRABALHADOR RURAL
650 ## - ASSUNTO - THESAGRO
Cabeçalho tópico ou nome geográfico NORDESTE
650 ## - ASSUNTO - THESAGRO
Cabeçalho tópico ou nome geográfico SERTÃO
650 ## - ASSUNTO - THESAGRO
Cabeçalho tópico ou nome geográfico NÍVEL DE VIDA
650 ## - ASSUNTO - THESAGRO
Cabeçalho tópico ou nome geográfico CONDIÇÃO SOCIAL
650 ## - ASSUNTO - THESAGRO
Cabeçalho tópico ou nome geográfico COURO
650 ## - ASSUNTO - THESAGRO
Cabeçalho tópico ou nome geográfico PROCESSAMENTO
650 ## - ASSUNTO - THESAGRO
Cabeçalho tópico ou nome geográfico INDÚSTRIA CASEIRA
650 ## - ASSUNTO - THESAGRO
Cabeçalho tópico ou nome geográfico INDÚSTRIA DE CURTUME
773 0# - ENTRADA ANALÍTICA
Host Biblionumber 1706
Registro do item 347862
Imprenta São Paulo-SP Editora Três Ltda - E-mail: luizfsa@revistadinheiro.com.br 2004
Outro identificador 2025-0363
Título Dinheiro Rural (Brazil)
ISSN 1807-3700
Colação v. 4(32) p. 70-72; (Jun 2007)
Número de controle de registro BR2025000887

Nenhum exemplar disponível.

BINAGRI

Telefone: (61)3218-2567/2388/3357/2097 - binagri@agro.gov.br

Ministério da Agricultura e Pecuária , Esplanada dos Ministérios, Bloco D, Anexo B, Brasília/DF, CEP: 70.043-900